00000000nam 2200000zi 4500
0019.945537
003CaOODSP
00520241125142127
006m     o  d f      
007cr |n|||||||||
008241125e199210  onc     o    f000 0 eng d
020 |z0662593413
040 |aCaOODSP|beng|erda|cCaOODSP
043 |an------
0861 |aE74-54/1-1992E-PDF|zE74-54/1-1992
24500|aNorth American Free Trade Agreement : |bCanadian environmental review : executive summary.
264 1|a[Ottawa] : |bGovernment of Canada = Gouvernement du Canada, |cOctober 1992.
300 |a1 online resource (14 pages)
336 |atext|btxt|2rdacontent
337 |acomputer|bc|2rdamedia
338 |aonline resource|bcr|2rdacarrier
500 |aDigitized edition from print [produced by Government of Canada Publications Directorate].
500 |aIssued also in French under title: Accord de libre-échange nord-américain : examen environnemental du Canada : sommaire.
650 0|aFree trade|zCanada.
650 0|aFree trade|zUnited States.
650 0|aFree trade|zMexico.
650 0|aFree trade|xEnvironmental aspects|zCanada.
650 0|aEnvironmental policy|zCanada.
7101 |aCanada. |bDepartment of Foreign Affairs and International Trade, |eissuing body.
77508|tAccord de libre-échange nord-américain : |w(CaOODSP)9.945540
85640|qPDF|s656 KB|uhttps://publications.gc.ca/collections/collection_2024/amc-gac/E74-54-1-1992-eng.pdf